000
00309nam a2200109Ia 4500
008
171211s9999 xx 000 0 und d
245
_a
Totally Wired: Postpunk Interviews and Overviews
245
_c
Simon Reynolds
260
_c
2010
650
_x
music
856
_u
http://down.ebook777.com/063/1593762860.pdf
999
_c
348620
_d
348620